| 000 | 00000nam##2200000za#4500 |
| 001 | 9.680580 |
| 003 | CaOODSP |
| 005 | 20250319165115 |
| 007 | ta |
| 008 | 150407|2000||||xxc||||| f|0| 0 fre|d |
| 020 | |a0-662-83266-3 |
| 040 | |aCaOODSP|bfre |
| 043 | |an-cn--- |
| 086 | 1 |aH72-21/162-1998F |
| 110 | 2 |aCentre national d'information sur la violence dans la famille (Canada) |
| 245 | 10|aMauvais traitements et négligence à l'égard des aînés : |bdocument de travail |
| 260 | |aOttawa - Ontario : |bSanté Canada. |c2000. |
| 300 | |aviii, 90p. : |bréférences ; |c28 cm. |
| 500 | |a«Le présent document a pour objet de donner un aperçu général des principales réalisations qui se sont produites dans le domaine de la violence et de la négligence à l'égard des aînés depuis la publication du premier document de travail, en 1989. A cette fin, nous réexaminons les problèmes relatifs à la définition de la violence et de la négligence; les questions concernant l'incidence et la prévalence de la violence; les progrès faits sur le front théorique et les problèmes afférents qui ont trait à la détermination des facteurs de risque de violence et de négligence.»--Page 1. N.B.: Le numéro ISBN (0-662-27292-7) imprimé dans cette publication est incorrect. |
| 520 | 3 |aLe présent document a pour objet de donner un aperçu général des principales réalisations qui se sont produites dans le domaine de la violence et de la négligence à l'égard des aînés depuis la publication du premier document de travail, en 1989. A cette fin, nous réexaminons les problèmes relatifs à la définition de la violence et de la négligence; les questions concernant l'incidence et la prévalence de la violence; les progrès faits sur le front théorique et les problèmes afférents qui ont trait à la détermination des facteurs de risque de violence et de négligence.--Page 1 |
| 563 | |aCouverture souple |
| 590 | |a00-19|b2000-05-12 |
| 691 | 07|aViolence faite aux personnes âgées|2gcpds |
| 691 | 07|aAîné|2gcpds |
| 691 | 07|aSoignant|2gcpds |
| 775 | 08|tAbuse and neglect of older adults : |w(CaOODSP)9.647143 |
| 776 | 0#|tMauvais traitements et négligence à l'égard des aînés |w(CaOODSP)9.639838 |